000 00676nam a22001815i 4500
001 160424
003 ES-MaACL
005 20251122063132.0
008 981002s1886 sp |||| | spa d
040 _aCLM
_bspa
_cCCPB | 3D
100 1 _aMurray, Eustace Clare Grenville,
_d1824-1881
_9130298
245 1 0 _aIntrigas de tocador /
_cNovela escrita en inglés por E.C. Grenville Murray.
260 _aMadrid :
_b[s.n.],
_c1886 (
_fEst. Tip. de "El Globo")
300 _a1 v. (327 ; 252 p.) ;
_c17 cm.
597 _aEnc. 2 t. en 1 v.
852 _aES-MaACL
_jF-5383-84
_z-- Enc. pasta española
_x-- Edic.: la ed. probablemente fue en 2 v.
999 _c160424
_d160424